Derecho básico de la administración Local / Luciano Parejo Alfonso
ISBN:
84-344-1536-4
Descripción Física:
318 p. ; 24 cm
Colección:
Ariel derecho
MARC
| LEADER | 00000nam a2200000Ia 4500 | ||
|---|---|---|---|
| 001 | 19996 | ||
| 008 | 160829s1988 xx 000 0 cat d | ||
| 020 | |a 84-344-1536-4 | ||
| 080 | |a D-3-188 | ||
| 100 | |a Parejo Alfonso, Luciano |9 37265 | ||
| 245 | |a Derecho básico de la administración Local / Luciano Parejo Alfonso | ||
| 260 | |a Barcelona : |b Ariel, |c 1988 | ||
| 300 | |a 318 p. ; |c 24 cm | ||
| 490 | |a Ariel derecho | ||
| 590 | |a Bibliografia | ||
| 650 | 0 | |a Administració local |x Dret i legislació |z Espanya |9 11255 | |
| 650 | |a Dret administratiu |x Legislació |x Espanya |x Història |9 44244 | ||
| 901 | |a Arxiu | ||
| 942 | |n 1 | ||
| 952 | |0 1 |1 0 |2 udc |4 0 |5 2 |6 D3188 |7 1 |9 51861 |a Arxiu |b Arxiu |d 2016-12-01 |l 0 |o D-3-188 |p 19996 |r 2016-12-01 00:00:00 |w 2016-12-01 |y ARXIU | ||
| 999 | |c 55707 |d 55707 | ||